00554 2200193 4500001002100000005001500021035002000036007000300056008004100059020001800100082001100118084001700129100001900146245009200165250001100257260003800268300004200306650001200348INLIS00000000000024220231110025123 a0010-1123000025ta231110 g 0 ind  a979-489-484-9 a633.34 a633.34 ADI m0 aAdisarwanto, T1 aMeningkatkan Hasil Panen Kedelai :bDilahan Sawah-Kering-Pasang Surut /cAdisarwanto, T aCet. 2 aJakarta :bPenebar Swadaya,c1999 aix, 84 hlm, :bilus, ;c15 cm x 21 cm 4aKedelai